[Event "ROM-ch U14"]
[Site "Mamaia"]
[Date "2021.04.11"]
[Round "6"]
[White "Lup, Constantin Ionel"]
[Black "Constantin, Eduard Andrei"]
[Result "1/2-1/2"]
[WhiteElo "1861"]
[BlackElo "1225"]
[PlyCount "46"]
[EventDate "2021.04.07"]
[EventType "swiss"]
[EventRounds "9"]
[EventCountry "ROU"]
[SourceTitle "EXT 2022"]
[Source "ChessBase"]
[SourceDate "2021.10.06"]
[SourceVersion "1"]
[SourceVersionDate "2021.10.06"]
[SourceQuality "1"]

1. c4 e5 2. g3 Nf6 3. Bg2 d5 4. cxd5 Nxd5 5. Nc3 Nb6 6. Nf3 Nc6 7. d3 Be7 8. 0-0 0-0 9. Be3 Be6 10. Rc1 Qd7 11. a3 f5 12. Na4 f4 13. Bc5 Nxa4 14. Qxa4 Bxc5 15. Rxc5 Qd6 16. Rfc1 Bd7 17. Qb3+ Kh8 18. Bf1 b6 19. Rd5 Qe7 20. Qc3 Rae8 21. Rxd7 Qxd7 22. Qxc6 Qxc6 23. Rxc6 Re7 1/2-1/2